| 000 | 00605cam a2200229 4500 | ||
|---|---|---|---|
| 008 | 000000n2001 000 0 eng u | ||
| 020 | _a0102868018 | ||
| 035 | _a(Sirsi) u111857 | ||
| 050 | _a711.552 | ||
| 110 |
_aUnited Kingdom _bNational Audit Office _91350 |
||
| 245 | 4 | _aThe Channel Tunnel Rail Link. | |
| 260 |
_aLondon _bStationery Office _c2001 |
||
| 300 | _a83p. ; 30cm. | ||
| 350 | _a11.50 | ||
| 490 |
_aHCP _v302 |
||
| 650 | _aCHANNEL TUNNEL RAIL LINK | ||
| 650 | _aTRAINS | ||
| 650 | _aRAIL NETWORK | ||
| 650 | _aRAIL LINK | ||
| 690 | _aTRANSPORT AND COMMUNICATIONS | ||
| 942 | _n0 | ||
| 999 |
_c101297 _d101297 |
||